| 000 | 00878cam a22002893a 4500 | ||
|---|---|---|---|
| 001 | 1134 | ||
| 003 | PGUSA | ||
| 005 | 20140828082957.0 | ||
| 008 | 971201s1997||||xxu|||||s|||||000 | eng d | ||
| 040 |
_aPGUSA _beng |
||
| 042 | _adc | ||
| 050 | 4 | _aPR | |
| 100 | 1 |
_aShakespeare, William, _d1564-1616 |
|
| 245 | 1 | 4 |
_aThe Winter's Tale _h[electronic resource] / _cWilliam Shakespeare |
| 260 |
_bProject Gutenberg, _c1997 |
||
| 500 | _aWorld Library | ||
| 506 | _aCopyrighted. Read the copyright notice inside this book for details. | ||
| 516 | _aElectronic text | ||
| 653 | _aSicily (Italy) -- Kings and rulers -- Drama | ||
| 653 | _aTragicomedy | ||
| 653 | _aFathers and daughters -- Drama | ||
| 653 | _aCastaways -- Drama | ||
| 653 | _aMarried people -- Drama | ||
| 830 | 0 |
_aProject Gutenberg _v1134 |
|
| 856 | 4 | 0 | _uhttp://www.gutenberg.org/ebooks/1134 |
| 942 | _cEB | ||
| 999 |
_c230482 _d230482 |
||